Statistics for Every City and Town in Wales on a Map

Click here to take the quiz!

General Stats

  • This quiz has been taken 1,522 times
    (1,446 since last reset)
  • The average score is 43 of 155

Answers on the Map

Answers color-coded by a green-red scale on the quiz's map according to % correct below.
 

Answer Stats

PopulationTown% Correct
346,090Cardiff / Caerdydd
97%
246,993Swansea / Abertawe
93%
154,676Newport / Casnewydd
84%
1,161Newport / Trefdraeth
84%
65,692Wrexham / Wrecsam
80%
18,093Aberystwyth
73%
16,358Bangor
68%
1,600St Davids / Tyddewi
61%
11,431Holyhead / Caergybi
58%
20,701Llandudno
56%
51,502Barry / Y Barri
55%
43,820Merthyr Tydfil / Merthyr Tudful
55%
7,552Pembroke / Penfro
55%
14,185Carmarthen / Caerfyrddin
53%
49,591Llanelli
53%
37,276Port Talbot
53%
25,149Rhyl / Y Rhyl
53%
49,404Bridgend / Pen-y-bont ar Ogwr
52%
19,258Neath / Castell-nedd
52%
14,723Conwy / Conway
51%
9,852Caernarfon
49%
41,402Caerphilly / Caerffili
49%
10,508Monmouth / Trefynwy
49%
4,184Cardigan / Aberteifi
47%
4,696Tenby / Dinbych-y-pysgod
47%
8,250Brecon / Aberhonddu / Brecknock
46%
12,953Flint / Y Fflint
45%
5,970Porth / Y Porth
45%
12,515Abergavenny / Y Fenni
44%
32,694Pontypridd
44%
5,407Fishguard / Abergwaun
42%
12,350Chepstow / Cas-gwent
40%
34,284Colwyn Bay / Bae Colwyn
40%
39,550Aberdare / Aberdâr
39%
3,355St Asaph / Llanelwy
38%
11,357Newtown / Y Drenewydd
38%
8,986Denbigh / Dinbych
37%
12,042Haverfordwest / Hwlffordd
37%
48,535Cwmbran / Cwmbrân
36%
22,083Penarth / Bro Morgannwg
35%
28,970Pontypool / Pont-y-pŵl
35%
13,907Milford Haven / Aberdaugleddau
34%
5,948Welshpool / Y Trallwng
34%
18,849Prestatyn
33%
2,522Barmouth / Abermaw
32%
10,058Mold / Yr Wyddgrug
32%
4,185Porthmadog
32%
1,974Bala / Y Bala
31%
3,658Llangollen
31%
18,558Ebbw Vale / Glynebwy
30%
1,447Harlech
29%
2,970Lampeter / Llanbedr Pont Steffan / Llambed
29%
1,422Aberaeron
28%
4,808Blaina / Blaenau
28%
2,688Dolgellau / Dolgelly
28%
16,005Porthcawl
28%
4,076Pwllheli / Penrhyn Llŷn
28%
1,938Beaumaris / Biwmares
27%
2,568Builth Wells / Llanfair-ym-Muallt
27%
2,235Machynlleth
27%
5,461Ruthin / Rhuthun
25%
2,065Llandovery / Llanymddyfri
24%
5,309Llandrindod Wells / Llandrindod
24%
1,082New Quay / Cei Newydd
24%
9,753Pembroke Dock / Doc Penfro
24%
10,577Abergele
23%
5,452Aberavon / Aberafan
22%
3,789Amlwch
22%
5,411Ammanford / Rhydaman
22%
16,774Connah's Quay / Cei Connah
22%
4,063Cowbridge / Y Bont-faen
22%
1,598Hay-on-Wye / Y Gelli Gandryll
22%
21,000Maesteg
22%
15,103Tredegar
22%
3,264Tywyn
22%
2,834Usk / Brynbuga
22%
3,547Aberfan
21%
8,496Blackwood / Y Coed Duon
21%
3,523Kidwelly / Cydweli
21%
15,313Llantrisant
21%
1,295Montgomery / Trefaldwyn
21%
3,750Tonypandy
21%
1,753Criccieth / Cricieth
20%
1,795Llandeilo
20%
9,486Llantwit Major / Llanilltud Fawr
20%
11,601Abertillery / Abertyleri
19%
4,000Blaenau Ffestiniog
19%
6,156Burry Port / Porth Tywyn
19%
12,230Caldicot / Cil-y-coed
19%
4,468Chirk / Y Waun
19%
8,886Holywell / Treffynnon
19%
6,722Llandudno Junction / Cyffordd Llandudno
19%
5,116Llangefni
19%
3,376Menai Bridge / Porthaethwy
19%
2,602Nefyn
19%
8,061Caerleon / Caerllion
18%
8,696Gorseinon
18%
3,172Knighton / Tref-y-clawdd / Trefyclo
18%
1,184Newcastle Emlyn / Castellnewydd Emlyn
18%
11,900Bargoed / Bargod
17%
4,735Bethesda
17%
2,325Corwen
17%
3,323Llanrwst
17%
7,374Mountain Ash / Aberpennar
17%
2,489Narberth / Arberth
17%
2,109Queensferry / Fferi Buddug / Fferi Isaf
17%
2,088Rhayader / Rhaeadr Gwy
17%
8,845Rhymney / Rhymni
17%
2,995St Clears / Sanclêr
17%
8,092Ystradgynlais
17%
13,500Ystrad Mynach
17%
15,665Buckley / Bwcle
16%
2,929Llanidloes
16%
6,832Pontardawe / Cwmtawe
16%
2,710Presteigne / Llanandras
16%
11,693Risca / Rhisga
16%
5,911Briton Ferry / Llansawel
15%
2,063Crickhowell / Crug Hywel
15%
1,222Laugharne / Talacharn
15%
4,883Penrhyn Bay / Bae Penrhyn
15%
6,281Pontarddulais
15%
6,663Shotton
15%
7,681Treorchy / Treorci
15%
6,055Blaenavon / Blaenafon
14%
5,530Brynmawr
14%
4,278Glynneath / Glyn-nedd
14%
1,988Goodwick / Wdig
14%
3,637Llanfairfechan
14%
6,509Newbridge / Trecelyn
14%
9,166Pencoed / Pen-coed
14%
4,353Penmaenmawr
14%
3,709Rhuddlan
14%
1,213Tregaron
14%
1,439Llandysul
13%
4,824Loughor / Casllwchwr
13%
1,792Whitland / Hendy-gwyn
13%
850Llanwrtyd Wells / Llanwrtyd
12%
9,184Aberbargoed
11%
3,464Neyland
11%
5,132Saltney
11%
2,734Talbot Green / Tonysguboriau
11%
1,724Talgarth
11%
6,356Treharris
11%
4,165Bagillt
10%
8,512Bedwas
10%
1,283Caerwys
10%
1,521
Holt
10%
4,178Ferndale / Glynrhedynog
10%
5,947Crumlin / Crymlyn
9%
1,532Llanfyllin
9%
1,638Llanybydder
9%
5,352Abercarn
8%
1,810Llanfair Caereinion
8%
18,408Gelligaer / Gelli-gaer
7%
1,382Overton-on-Dee / Owrytn
6%

Score Distribution

Percentile by Number Answered

Percent of People with Each Score

Your Score History

You have not taken this quiz since the last reset